| 000 | 01157 a2200241 4500 | ||
|---|---|---|---|
| 003 | Nust | ||
| 005 | 20220811150418.0 | ||
| 010 | _a 97036652 | ||
| 020 | _a0521571200 (hbk.) | ||
| 020 | _a0521577853 (pbk.) | ||
| 040 | _cNust | ||
| 082 | 0 | 0 | _a621.3692,GHA |
| 100 | 1 |
_aGhatak, A. K. _996907 |
|
| 245 | 1 | 3 |
_aAn introduction to fiber optics / _cAjoy Ghatak and K. Thyagarajan. |
| 260 |
_aCambridge ; _aNew York : _bCambridge University Press, _c1998. |
||
| 300 |
_axvi, 565 p. : _bill. ; _c27 cm. |
||
| 505 | _aIntroduction (Page-1), Basic Optics (Page-9), Basic Characteristics Of The Optical Fiber (Page-29), Ray Paths And Pulse (Page-44), Pulse Dispersion In Graded Index (Page-65), Material Dispersion (Page-78), Modes In Planar Waveguides (Page-97), Sources Of Optical Fiber Comm (Page-200), Semiconductor Lasers (Page-209), Optical Fiber Amplifiers (Page-281). | ||
| 650 | 0 | _aTelecommunication Engineering. | |
| 700 | 1 |
_aThyagarajan, K. _996908 |
|
| 856 | 4 | 2 |
_3Publisher description _uhttp://www.loc.gov/catdir/description/cam028/97036652.html |
| 856 | 4 | 2 |
_3Table of contents _uhttp://www.loc.gov/catdir/toc/cam028/97036652.html |
| 942 |
_2ddc _cBK |
||
| 999 |
_c190621 _d190621 |
||